Visualizzazione normale
Vista MARC
- DIDATTICO [DIAPOMONTAGGIO NON SONORIZZATO]
di Topical Term
Records bibliografici associati: 1
001 - CONTROL NUMBER
- control field: 19682
003 - CONTROL NUMBER IDENTIFIER
- control field: IT-RoPau
005 - DATE AND TIME OF LATEST TRANSACTION
- control field: 20140408211802.0
008 - FIXED-LENGTH DATA ELEMENTS
- fixed length control field: 140408|| aca||aabn | a|a d
040 ## - CATALOGING SOURCE
- Original cataloging agency: IT-RoPau
- Transcribing agency: IT-RoPau
150 ## - HEADING--TOPICAL TERM
- Topical term or geographic name entry element: DIDATTICO [DIAPOMONTAGGIO NON SONORIZZATO]
- : Codice MATERIA SPICS: 9972
670 ## - SOURCE DATA FOUND
- Source citation: Work cat.: (IT-RoPau)100290: Beylie Claude 19679, Jean Renoir-Films 1924/1939 (120 diapositive)